Lo humano de la formación ética /
El artículo aborda la dimensión humana y ética de la formación educativa, explorando cómo la educación contribuye al desarrollo integral de las personas desde una perspectiva ética. A través de un análisis reflexivo, se examina la importancia de cultivar valores, actitudes y comportamientos éticos e...
Guardado en:
| Hovedforfatter: | |
|---|---|
| Format: | Texto |
| Sprog: | Spanish |
| Fag: | |
| Tags: |
Tilføj Tag
Ingen Tags, Vær først til at tagge denne postø!
|
MARC
| LEADER | 00000 a a2200000 04500 | ||
|---|---|---|---|
| 001 | 46673 | ||
| 003 | cru IIS | ||
| 005 | 20230830211322.0 | ||
| 008 | 230830b |||||||| |||| 00| 0 spa d | ||
| 040 | |c A | ||
| 100 | |a García Posada, Juan José | ||
| 245 | |a Lo humano de la formación ética / |c Juan José García Posada | ||
| 520 | |a El artículo aborda la dimensión humana y ética de la formación educativa, explorando cómo la educación contribuye al desarrollo integral de las personas desde una perspectiva ética. A través de un análisis reflexivo, se examina la importancia de cultivar valores, actitudes y comportamientos éticos en el proceso de formación, y cómo esto impacta en la construcción de ciudadanía responsable y en la contribución al bienestar de la sociedad. Se discute la relación entre la educación y la ética, resaltando cómo la formación ética no solo se basa en la adquisición de conocimientos, sino también en la promoción de la empatía, la solidaridad, la responsabilidad y el respeto hacia los demás. Además, se abordan aspectos como la importancia de los docentes en la transmisión de valores éticos y la relevancia de la reflexión crítica en la formación de individuos éticos y comprometidos con su entorno. RAR | ||
| 650 | 0 | |2 OCDE |9 944 |a EDUCACION | |
| 650 | 0 | |2 OCDE |9 414 |a CIUDADANIA | |
| 650 | 0 | |2 OCDE |9 2619 |a RESPONSABILIDAD | |
| 773 | |g número27 ( , 2010), páginas 63-70 | ||
| 942 | |2 ddc |c REF | ||
| 999 | |c 38848 |d 38848 | ||
